000 00914cab a2200229 4500
001 ABS44263
008 090401t1991 xxu||||| |||| 00| 0 eng d
035 _a(Sirsi) u46231
041 _aeng
100 _aBell, C.
245 _aBack to the drawing board?
260 _c1991
350 _a0
490 _aEstates Gazette
_v(9109) 9 March 1991, 96-98 (2)
520 _aDiscusses the rent free period to be found in commercial leases as an initial concession by a landlord to a prospective tenant in order to allow the latter to fit out premises at his own expense but will not usually be taken into account at rent reviews . Refers to 99 Bishopsgate Ltd v Prudential Assurance Co (Abstract 34449).
650 _aMODEL FORM OF RENT REVIEW CLAUSE
650 _aOPEN MARKET RENTAL VALUE
650 _aVACANT POSSESSION
690 _aLANDLORD AND TENANT-RENT REVIEWS
942 _n0
948 _c04/03/1997
999 _c29254
_d29254